000 00533nam a2200169 i 4500
001 71469
003 ES-MaACL
005 20230906171135.0
007 t|
008 040811s1906 it ||||1| ita d
100 1 _aGelli, Giambattista.
_956267
245 1 0 _aScritti scelti /
_cGiambattista Gelli ; con introduzione é note di Aurelio Ugolini.
260 _aMilano :
_b[s.n.,
_c1906] (
_fStabilimenti Riuniti d'Arti Grafiche)
300 _aXX, 352 p. ;
_c19 cm.
700 1 _aUgolini, Aurelio.
_9111903
852 _aES-MaACL
_jF-11421
999 _c71469
_d71469